Game of Thrones - Tous les personnages par image - Statistiques

Statistiques générales
  • Ce quiz a été pris 137 fois
  • Le résultat moyen est 67 sur 347
Statistiques - réponses
Par images Réponse % Correct
Eddard Stark
94%
Jon Snow
92%
Arya Stark
90%
Brandon Stark
89%
Robb Stark
88%
Daenerys Targaryen
87%
Cersei Lannister
86%
Sansa Stark
86%
Theon Greyjoy
86%
Tyrion Lannister
86%
Robert Baratheon
85%
Drogo
84%
Joffrey Baratheon
83%
Jaime Lannister
82%
Catelyn Stark
78%
Jorah Mormont
78%
Hodor
77%
Varys
77%
Samwell Tarly
76%
Sandore Clegane
76%
Viserys Targaryen
76%
Fantôme
75%
Petyr Baelish
74%
Tommen Baratheon
74%
Drogon
71%
Tywin Lannister
71%
Brienne de Torth
69%
Renly Baratheon
69%
Rickon Stark
68%
Bronn
66%
Gregor Clegane
66%
Melisandre
66%
Ygrid
66%
Myrcella Baratheon
65%
Stannis Baratheon
64%
Lysa Arryn
63%
Margaery Tyrell
63%
Missandei
63%
Oberyn Martell
63%
Ramsay Bolton
63%
Shae
63%
Ver Gris
63%
Lady
62%
Aemon Targaryen
60%
Nymeria
60%
Benjen Stark
59%
Gendry Baratheon
59%
Viserion
59%
Walder Frey
59%
Roi de la Nuit
58%
Davos Mervault
57%
Eté
56%
Loras Tyrell
54%
Olenna Tyrell
53%
Rhaegal
53%
Tormund
53%
Yara Greyjoy
53%
Podrick Payne
52%
Jon Arryn
51%
Barristan Selmy
49%
Lancel Lannister
49%
Osha
49%
Broussaille
48%
Pycelle
48%
Daario Naharis
47%
Jaqen H'ghar
47%
Robin Arryn
45%
Roose Bolton
45%
Le Grand Moineau
44%
Shireen Baratheon
44%
Luwin
43%
Tourte-Chaude
43%
Vent Gris
43%
Vère
43%
Rhaegar Targaryen
42%
Talisa Stark
42%
Illyn Payne
41%
Jeor Mormont
41%
Olly
40%
Syrio Forel
40%
Lyanna Mormont
39%
Qyburn
37%
Rodrick Cassel
37%
Aerys II Targaryen
36%
Ellaria Sand
36%
Ros
36%
Euron Greyjoy
34%
Meryn Trant
34%
Alliser Thorne
33%
Edmure Tully
33%
Mance Rayder
32%
Mace Tyrell
31%
Meera Reed
31%
Trystan Martell
31%
Walda Bolton
31%
Béric Dondarrion
30%
Jojen Reed
30%
Lyanna Stark
30%
Kevan Lannister
28%
Craster
27%
Sam
26%
Selyse Baratheon
26%
Balon Greyjoy
25%
Will
25%
Nymeria Sand
22%
Obara Sand
22%
Qhorin
22%
Unella
22%
Dickon Tarly
21%
Pypar
21%
Thoros
21%
Arthur Dayne
19%
Brynden Tully
19%
Feuille
19%
Myranda
18%
Brynden Rivers
17%
Eddison Tallett
17%
Grenn
17%
Doran Martell
16%
Tyerne Sand
16%
Janos Slynt
15%
Randyll Tarly
15%
Illyrio Mopatis
14%
Mycah
14%
Yoren
14%
Hoster Tully
13%
Irri
12%
Rast
12%
Xaro Xhoan Daxos
12%
Gamine Abandonnée
11%
Hizdahr zo Loraq
11%
Locke
11%
Mirri Maz Dur
11%
Nan
11%
Rickard Karstark
11%
Aeron Greyjoy
10%
Dontos Hollard
10%
Jory Cassel
10%
Karl Tanner
10%
Martyn Lannister
10%
Willem Lannister
10%
Wun Weg Wun Dar Wun
10%
Doreah
9%
Lady Cigogne
9%
Lothar Frey
9%
Seigneur des Os
9%
Lommy
8%
Mord
8%
Polliver
8%
Pyat Pree
8%
Rickard Stark
8%
Walder Rivers
8%
Yohn Royce
8%
Gared
7%
Grand Septon
7%
Moro
7%
Orell
7%
Roslin Tully
7%
Sladhor Saan
7%
Waymar Royce
7%
Hugh
6%
Le Titilleur
6%
Ned Omble
6%
Rakharo
6%
Rorge
6%
Styr
6%
Vardis Egen
6%
Alys Karstark
5%
Howland Reed
5%
Jeyne Poole
5%
Jon Omble
5%
Jon Omble
5%
Kraznys mo Nakloz
5%
Lollys Castelfoyer
5%
Matthos Mervault
5%
Alton Lannister
4%
Amory Lorch
4%
Cressen
4%
Gerold Hightower
4%
Jhiqui
4%
Magicien
4%
Quaithe
4%
Shagga
4%
Talla Tarly
4%
Areo Hotah
3%
Melessa Tarly
3%
Mero
3%
Olyvar
3%
Rat Blanc
3%
Roi des Epices
3%
Wolkan
3%
Anya Vanbois
2%
Axell Florent
2%
Denys Mallister
2%
Eon Veneur
2%
Harald Karstark
2%
Jaremy Mallister
2%
Mandon Moore
2%
Marillion
2%
Othell Yarwick
2%
Qhono
2%
Ray
2%
Rennick
2%
Robett Glover
2%
Seigneur du Nord
2%
Timett
2%
Tobho Mott
2%
Violet
2%
Addam Marpheux
1%
Adrack Humble
1%
Anguy
1%
Armeca
1%
Bernadette
1%
Bianca
1%
Change-peau Then
1%
Cley Cerwyn
1%
Dagmer
1%
Daisy
1%
Desmond Crakehall
1%
Dim Dalba
1%
Ebrose
1%
Eddie
1%
Fermier
1%
Greizhen mo Ullhor
1%
Harry Strickland
1%
Imry Florent
1%
Jaremy Rykker
1%
Jon Linderly
1%
Jonos Bracken
1%
Joss
1%
Joyeuse Frey
1%
Karsi
1%
Kitty Frey
1%
Kurleket
1%
Lord Noirmont
1%
Maege Mormont
1%
Mag Mar Tun Doh Weg
1%
Masha Heddle
1%
Mhaegen
1%
Mordeur
1%
Morgan
1%
Prendahl na Ghezn
1%
Prêtresse du Dosh Kaleen
1%
Prêtresse Rouge
1%
Prince de Dorne
1%
Qhono
1%
Seigneur du Val
1%
Stevron Frey
1%
Stiv
1%
Thorren Karstark
1%
Tycho Nestoris
1%
Vance Corbray
1%
Varly
1%
Vayon Poole
1%
Wallen
1%
Willis Guède
1%
Wyman Manderly
1%
Yezzan zo Qaggaz
1%
Aggo
0%
Anara
0%
Arthur
0%
Ash
0%
Aya
0%
Belicho Paenymion
0%
Bobono
0%
Brant
0%
Brea
0%
Brozho
0%
Brusco
0%
Caleotte
0%
Camello
0%
Chella
0%
Clarenzo
0%
Clea
0%
Collen
0%
Craya
0%
Dereck
0%
Dirah
0%
Donnel Vanbois
0%
Drennan
0%
Endrex Torth
0%
Farlen
0%
Fennesz
0%
Forzho
0%
Frances
0%
Gatins
0%
Genna
0%
Gerald
0%
Ghita
0%
Gordy
0%
Guymon
0%
Hallyne
0%
Harrag
0%
Henk
0%
Iggo
0%
Izembaro
0%
Jack Bulwer
0%
Jacks
0%
Johnna
0%
Kayla
0%
Kesh
0%
Koner
0%
Kovarro
0%
Leo Lefford
0%
Lhara
0%
Lim
0%
Loboda
0%
Lord Une
0%
Lorren
0%
Maggy
0%
Malko
0%
Marei
0%
Martha
0%
Melara Cuilletère
0%
Merry Frey
0%
Mirelle
0%
Mogan
0%
Mohelle
0%
Morag
0%
Mossador
0%
Muid
0%
Mully
0%
Nora
0%
Ornella
0%
Portan
0%
Qorro
0%
Quent
0%
Ralf Kenning
0%
Razdal mo Eraz
0%
Reginald Lannister
0%
Rhalko
0%
Riddell
0%
Ryger Rivers
0%
Sally
0%
Sarra
0%
Scolera
0%
Simpson
0%
Sissy
0%
Steve
0%
Tansy
0%
Ternesio Terys
0%
Tomard
0%
Vala
0%
Wendel Manderly
0%
Willa
0%
Willa
0%
Zanrush
0%
Aucun quiz correspondant
Distribution des résultats
% des personnes avec chaque résultat
Percentile par nombre de réponses
Votre historique - résultats
Vous n’avez pas pris ce quiz